| 000 | 00678nam a2200289Ia 4500 | ||
|---|---|---|---|
| 005 | 20260401122244.0 | ||
| 008 | 008 250103s9999 xx 000 0 eng d | ||
| 020 | _a0-86418-692-4 | ||
| 037 | _aTB | ||
| 040 | _aEDL | ||
| 040 | _beng | ||
| 040 | _cEDL | ||
| 041 | _2eng | ||
| 041 | _aeng | ||
| 084 | _aA821 LEO | ||
| 084 | _qEDL | ||
| 100 |
_aLeonard, John Ed. _91232578 |
||
| 245 | 0 | _aNew Music: Anthology of Contemporary Australian Poetry | |
| 245 | 0 | _cLeonard, John Ed. | |
| 260 | _aAustralia | ||
| 260 | _bFive Islands Press | ||
| 260 | _c2001 | ||
| 942 | _cTB | ||
| 942 | _hA821 LEO | ||
| 999 |
_c1846001 _d1846001 |
||